Statistics for Literary Quotes #3

Click here to take the quiz!

General Stats

  • This quiz has been taken 333 times
  • The average score is 4 of 19

Answer Stats

HintAnswer% Correct
He had won the victory over himself. He loved Big Brother.Nineteen Eighty-Four
95%
Something wicked this way comes.MacBeth
53%
I have always depended on the kindness of strangers.A Streetcar Named Desire
46%
So we beat on, boats against the current, borne back ceaselessly into the past.The Great Gatsby
31%
All we have to decide is what to do with the time that is given usThe Lord of the Rings: The Fellowship of the Ring
27%
I'm right and you're wrong, I'm big and you're small, and there's nothing you can do about it.Matilda
20%
All that glitters is not gold.The Merchant of Venice
17%
I wish I were a girl again, half-savage and hardy, and free.Wuthering Heights
10%
But I don't want comfort. I want God, I want poetry, I want real danger, I want freedom, I want goodness. I want sin.Brave New World
9%
History, Stephen said, is a nightmare from which I am trying to awake.Ulysses
9%
Nowadays people know the price of everything and the value of nothing.The Picture of Dorian Gray
8%
The one thing that doesn't abide by majority rule is a person's conscience.To Kill a Mockingbird
8%
Beware; for I am fearless, and therefore powerful.Frankenstein
7%
The knife came down, missing him by inches, and he took off.Catch-22
6%
London, that great cesspool into which all the loungers and idlers of the Empire are irresistibly drainedThe Adventures of Sherlock Holmes
6%
We can know only that we know nothing. And that is the highest degree of human wisdom.War and Peace
6%
The world breaks every one and afterward many are strong at the broken places.A Farewell to Arms
4%
He never went out without a book under his arm, and he often came back with two.Les Misérables
4%
He who marches out of step hears another drum.One Flew Over the Cuckoos Nest
0%

Score Distribution

Percentile by Number Answered

Percent of People with Each Score

Your Score History

You have not taken this quiz